Political asylum procedures for alien crewmen : hearings before the Subcommittee on Immigration and Refugee Policy of the Committee on the Judiciary, United States Senate, Ninety-ninth Congress, first session, on political asylum procedures for alien crewmen and how they were applied to a Soviet seaman, Miroslav Medvid, November 5 and 7, 1985.

Bibliographic Details
Corporate Author: United States. Congress. Senate. Committee on the Judiciary. Subcommittee on Immigration and Refugee Policy
Format: Government Document eBook
Language:English
Published: Washington : U.S. G.P.O., 1986.
Series:S. hrg. ; 99-541
Subjects:
Online Access:https://purl.fdlp.gov/GPO/gpo28003

MARC

Tag First Indicator Second Indicator Subfields
LEADER 00000cam a2200000 a 4500
001 in00002781405
005 20220106085108.0
006 m d f
007 cr bn|||||||||
008 100822s1986 dcu ob f000 0 eng c
019 |a 621016509  |a 681613638 
035 |a (OCoLC)ocn657295657 
040 |a OCLCE  |b eng  |c OCLCE  |d GPO  |d MvI  |d UtOrBLW 
042 |a pcc 
043 |a n-us--- 
049 |a WWW 
074 |a 1042-C (online) 
086 0 |a Y 4.J 89/2:S.HRG.99-541 
088 |a Serial no. J-99-68 (United States. Congress. Senate. Committee on the Judiciary) 
110 1 |a United States.  |b Congress.  |b Senate.  |b Committee on the Judiciary.  |b Subcommittee on Immigration and Refugee Policy. 
245 1 0 |a Political asylum procedures for alien crewmen :  |b hearings before the Subcommittee on Immigration and Refugee Policy of the Committee on the Judiciary, United States Senate, Ninety-ninth Congress, first session, on political asylum procedures for alien crewmen and how they were applied to a Soviet seaman, Miroslav Medvid, November 5 and 7, 1985. 
264 1 |a Washington :  |b U.S. G.P.O.,  |c 1986. 
300 |a 1 online resource (iii, 89 pages). 
336 |a text  |b txt  |2 rdacontent 
337 |a computer  |b c  |2 rdamedia 
338 |a online resource  |b cr  |2 rdacarrier 
490 1 |a S. hrg. ;  |v 99-541 
500 |a Title from title screen (viewed on Sept. 11, 2012). 
504 |a Includes bibliographical references. 
500 |a "Serial number J-99-68." 
500 |a Electronic resource. 
650 0 |a Asylum, Right of  |z United States. 
650 0 |a Political refugees  |x Legal status, laws, etc.  |z United States. 
650 0 |a Merchant mariners  |x Legal status, laws, etc.  |z United States. 
600 1 0 |a Medvid, Miroslav. 
776 0 8 |i Print version:  |a United States. Congress. Senate. Committee on the Judiciary. Subcommittee on Immigration and Refugee Policy.  |t Political asylum procedures for alien crewmen  |w (DLC) 86601810  |w (OCoLC)13615004 
810 1 |a United States.  |b Congress.  |b Senate.  |t S. hrg. ;  |v 99-541. 
856 4 0 |u https://purl.fdlp.gov/GPO/gpo28003  |t 0 
999 |a MARS 
999 f f |s febab3c1-7c0a-31aa-9cc6-89e8340d5cdf  |i 4e6444ee-cb1d-33d1-a7c4-ef3442686df9  |t 0 
952 f f |a Texas A&M University  |b College Station  |c Electronic Resources  |d Available Online  |t 0  |e Y 4.J 89/2:S.HRG.99-541  |h Superintendent of Documents classification 
998 f f |a Y 4.J 89/2:S.HRG.99-541  |t 0  |l Available Online